Snow Angel - Renee Rapp (All Lyrics) - Statistics

General Stats
  • This quiz has been taken 63 times
  • The average score is 218 of 247
Answer Stats
Lyrics % Correct
a
100%
I
100%
but
97%
But
97%
if
97%
If
97%
it
97%
my
97%
snow
97%
the
97%
The
97%
tried
97%
angel
94%
he
94%
I'll
94%
in
94%
kills
94%
make
94%
me
94%
me,
94%
to
94%
until
94%
when
94%
can
91%
through
91%
winter
91%
and
88%
breathe
88%
cold
88%
faster
88%
hard
88%
hard,
88%
heart
88%
hurry
88%
I'm
88%
It's
88%
it's
88%
nose
88%
arrive,
84%
as
84%
blame
84%
broke
84%
'cause
84%
easier
84%
Feel
84%
First
84%
him
84%
last
84%
leave
84%
of
84%
tip
84%
what
84%
would
84%
change,
81%
do
81%
for
81%
ice
81%
Look
81%
look
81%
same
81%
seasons
81%
she
81%
so
81%
still
81%
worthy
81%
boy,
78%
hate
78%
her
78%
like
78%
looks
78%
met
78%
mirror,
78%
outside,
78%
then
78%
underneath
78%
you
78%
alive
75%
back
75%
back,
75%
came
75%
company?
75%
different
75%
far
75%
half
75%
misery
75%
way
75%
weak
75%
went
75%
What's
75%
addiction's
72%
burning,
72%
Can't
72%
laugh
72%
strange
72%
today
72%
twice
72%
why
72%
wish
72%
without
72%
go
69%
loved
69%
red
69%
white
69%
lie
66%
never
66%
speak
66%
does
63%
slower
63%
tell
63%
keep
59%
secrets
59%
hide
53%
Smiles
53%
will
38%
No matching quizzes found
Score Distribution
Percent of People with Each Score
Percentile by Number Answered
Your Score History
You have not taken this quiz